| 000 | 01346 a2200253 4500 | ||
|---|---|---|---|
| 003 | Nust | ||
| 005 | 20220730133151.0 | ||
| 010 | _a 2001055802 | ||
| 020 | _a0072336056 (alk. paper) | ||
| 040 | _cNust | ||
| 082 | 0 | 0 | _a004.68,FOR |
| 100 | 1 | _aForouzan, Behrouz A. | |
| 245 | 1 | 0 |
_aLocal area networks / _cBehrouz A. Forouzan, with Sophia Chung Fegan. |
| 250 | _a1st ed. | ||
| 260 |
_aBoston : _bMcGraw-Hill, _cc2003. |
||
| 300 |
_axx, 618 p. : _bill. ; _c24 cm. |
||
| 440 | 0 |
_aMcGraw-Hill Forouzan networking series _955589 |
|
| 505 | _aIntroduction (Page-1), Data Communication Models (Page-15), Data Transmission (Page-37), Transmission Media (Page-79), Error Detection (Page-105), LAN Topologies (Page-123), Flow and Error Control (Page-145), Medium Access Methods (Page-165), Logical Link control (Page-183), Ethernet: 10Mbps (Page-203), Ethernet Evolution: Fast and Gigabit Ethernet (Page-229), Token Bus (Page-261)Token Ring (Page-285), Wireless LANs (Page-325), LAN Performance (Page-349), Connecting LANs (Page-367). | ||
| 650 | 0 | _aLocal area networks (Computer networks) | |
| 700 | 1 |
_aFegan, Sophia Chung. _981635 |
|
| 856 | 4 | 2 |
_3Publisher description _uhttp://www.loc.gov/catdir/description/mh021/2001055802.html |
| 856 | 4 | 2 |
_3Table of contents _uhttp://www.loc.gov/catdir/toc/mh021/2001055802.html |
| 942 |
_cBK _2ddc _k004.68,FOR |
||
| 999 |
_c174851 _d174851 |
||